[Event "Belgrade Trophy 25th"]
[Site "Obrenovac"]
[Date "2011.11.24"]
[Round "1"]
[White "Subotic, Nenad"]
[Black "Nenezic, Marko"]
[Result "0-1"]
[WhiteElo "1889"]
[BlackElo "2329"]
[PlyCount "62"]
[EventDate "2011.11.24"]
[EventType "swiss"]
[EventRounds "9"]
[EventCountry "YUG"]
[SourceTitle "CBM 145 Extra"]
[Source "ChessBase"]
[SourceDate "2012.01.03"]
[SourceVersion "1"]
[SourceVersionDate "2012.01.03"]
[SourceQuality "1"]

1. e4 c5 2. Nc3 Nc6 3. g3 g6 4. Bg2 Bg7 5. Nd5 e6 6. Ne3 Nge7 7. Nf3 d5 8. exd5 exd5 9. c3 d4 10. Nc2 0-0 11. 0-0 Bf5 12. Re1 dxc3 13. bxc3 Nd5 14. Ne3 Nxe3 15. fxe3 Bd3 16. Ba3 Qa5 17. Bb2 Rab8 18. a4 Qc7 19. Ba3 Na5 20. Bf1 Bxf1 21. Rxf1 Rfe8 22. Qe2 c4 23. Ra2 Rbd8 24. Qf2 Rd7 25. Bb4 Nb3 26. a5 Bh6 27. a6 Nxd2 28. Re1 Ne4 29. Qc2 Rd3 30. axb7 Qxb7 31. Qa4 Red8 0-1

[Event "Battle of Senta op-B 15th"]
[Site "Senta"]
[Date "2011.07.20"]
[Round "6"]
[White "Subotic, Nenad"]
[Black "Ostojic, Milos"]
[Result "0-1"]
[WhiteElo "1899"]
[BlackElo "2068"]
[PlyCount "104"]
[EventDate "2011.07.16"]
[EventType "swiss"]
[EventRounds "9"]
[EventCountry "SRB"]
[SourceTitle "EXT 2019"]
[Source "ChessBase"]
[SourceDate "2018.10.10"]
[SourceVersion "1"]
[SourceVersionDate "2018.10.10"]
[SourceQuality "1"]

1. e4 e5 2. g3 Nf6 3. Bg2 Bc5 4. Ne2 d6 5. d3 Nc6 6. Nbc3 0-0 7. 0-0 Be6 8. a3 h6 9. b4 Bb6 10. Na4 Qd7 11. Nxb6 axb6 12. c3 Bh3 13. f3 Bxg2 14. Kxg2 b5 15. Be3 Rfd8 16. Qc2 d5 17. Rfd1 Qe6 18. Qb3 dxe4 19. Qxe6 exf3+ 20. Kxf3 fxe6 21. h3 Rxd3 22. Rxd3 e4+ 23. Kg2 exd3 24. Nf4 Ne5 25. Nxe6 Nc4 26. Bf4 c6 27. Rd1 d2 28. Bxd2 Rxa3 29. Bf4 Nd5 30. Rd3 Rxc3 31. Rd4 Rb3 32. Nd8 Rxb4 33. Kf3 Nxf4 34. gxf4 Ne5+ 35. Ke4 Rxd4+ 36. Kxd4 Nd7 37. Nxb7 Kf8 38. Nd8 c5+ 39. Kd5 b4 40. Kc4 Ke7 41. Nc6+ Kd6 42. Na5 Ke6 43. Kd3 Kf5 44. Ke3 Nb6 45. Nb3 c4 46. Nd4+ Kf6 47. Ke4 b3 48. Nb5 Na4 49. Na3 c3 50. Kd3 Kf5 51. Ke3 c2 52. Kd2 Kxf4 0-1

[Event "Senta op-B 14th"]
[Site "Senta"]
[Date "2010.07.18"]
[Round "2"]
[White "Subotic, Nenad"]
[Black "Grabez, Vojko"]
[Result "0-1"]
[WhiteElo "1939"]
[BlackElo "2079"]
[PlyCount "94"]
[EventDate "2010.07.17"]
[EventType "swiss"]
[EventRounds "9"]
[EventCountry "YUG"]
[SourceTitle "EXT 2011"]
[Source "ChessBase"]
[SourceDate "2010.11.26"]
[SourceVersion "1"]
[SourceVersionDate "2010.11.26"]
[SourceQuality "1"]

1. e4 c6 2. g3 d5 3. Bg2 dxe4 4. Bxe4 Nf6 5. Bg2 Bf5 6. Nf3 Bg4 7. 0-0 e6 8. d3 Nbd7 9. Re1 Be7 10. Be3 0-0 11. Nbd2 Re8 12. c3 Nd5 13. Qc1 Rc8 14. a3 Nxe3 15. fxe3 Nc5 16. Bf1 Bxf3 17. Nxf3 Nb3 18. Qc2 Nxa1 19. Rxa1 Qb6 20. d4 c5 21. Rd1 Red8 22. Kg2 Bf6 23. Qf2 g6 24. Rd2 cxd4 25. exd4 Bg7 26. h4 Qc6 27. Re2 h6 28. Kh2 Qd6 29. Bh3 Rc7 30. Qe3 a5 31. Nd2 b6 32. Ne4 Qe7 33. Nf2 b5 34. Nd3 Qd6 35. Nc5 Re7 36. Bg2 Rb8 37. Nd3 Kh7 38. Bf3 Bf6 39. Kg2 Rbe8 40. Be4 e5 41. d5 Bg7 42. h5 f5 43. hxg6+ Qxg6 44. Bf3 e4 45. Nf4 exf3+ 46. Qxf3 Rxe2+ 47. Nxe2 Be5 0-1